000
00227nmm a2200085Ia 4500
008
220120s9999||||xx |||||||||||||||||und||
100
_a
PCQ
245
0
_a
Utilities : Adilix outlook , tools 4 pc , Developers, JBOSS
260
_c
2005
999
_c
138490
_d
138490